[Event "España ch sub-14 2012"]
[Site "Salobreña ESP"]
[Date "2012.07.12"]
[Round "6.18"]
[White "Orantes Taboada, Francisco"]
[Black "Castellet Menchon, Cora"]
[Result "1-0"]
[WhiteElo "1688"]
[BlackElo "1823"]
[PlyCount "42"]
[EventDate "2012.07.09"]
[EventType "swiss"]
[EventRounds "9"]
[EventCountry "ESP"]
[Source "lmi"]
[SourceDate "2012.07.09"]

1. e4 e6 2. d4 d5 3. e5 c5 4. c3 Nc6 5. Nf3 Qb6 6. a3 Nh6 7. b4 cxd4 8. cxd4
Nf5 9. Be3 Bd7 10. Nc3 Rc8 11. Rc1 Be7 12. Bd3 Nfxd4 13. Nxd4 Nxd4 14. Qg4 f5
15. Qxd4 Qd8 16. O-O O-O 17. Bb5 g5 18. Bxd7 Qxd7 19. f4 Rc4 20. Qd3 a5 21.
Nxd5 Qd8 1-0

[Event "España ch sub-14 2012"]
[Site "Salobreña ESP"]
[Date "2012.07.12"]
[Round "6.19"]
[White "Rodriguez Manzaneda, Irene"]
[Black "Alba Fernandez, Nicolas"]
[Result "1-0"]
[WhiteElo "1686"]
[BlackElo "1883"]
[PlyCount "39"]
[EventDate "2012.07.09"]
[EventType "swiss"]
[EventRounds "9"]
[EventCountry "ESP"]
[Source "lmi"]
[SourceDate "2012.07.09"]

1. e4 e6 2. d3 c5 3. g3 Nc6 4. Bg2 g6 5. f4 Bg7 6. Nf3 Nge7 7. O-O O-O 8. c3 d5
9. e5 h5 10. Na3 a6 11. Nc2 d4 12. c4 Nf5 13. Ng5 Bd7 14. Ne4 b6 15. Ne1 Rc8
16. h3 Ne3 17. Bxe3 dxe3 18. Qe2 Nd4 19. Qxe3 Nc2 20. Nxc2 1-0

[Event "España ch sub-14 2012"]
[Site "Salobreña ESP"]
[Date "2012.07.12"]
[Round "6.20"]
[White "Rodriguez Dominguez, Miguel"]
[Black "Perez Tores, Juan Miguel"]
[Result "1/2-1/2"]
[WhiteElo "1659"]
[BlackElo "1834"]
[PlyCount "103"]
[EventDate "2012.07.09"]
[EventType "swiss"]
[EventRounds "9"]
[EventCountry "ESP"]
[Source "lmi"]
[SourceDate "2012.07.09"]

1. d4 Nf6 2. Nf3 g6 3. Bf4 Bg7 4. e3 d6 5. Bc4 O-O 6. O-O c6 7. Re1 Bg4 8. h3
Bxf3 9. Qxf3 Nbd7 10. e4 e5 11. dxe5 dxe5 12. Bg3 b5 13. Bb3 Qe7 14. Nd2 c5 15.
c3 Rfc8 16. Rad1 Nb6 17. Nf1 c4 18. Bc2 Rd8 19. Ne3 Rxd1 20. Rxd1 a5 21. Bh4
Rd8 22. Ng4 Rxd1+ 23. Bxd1 Nbd7 24. a4 Qd6 25. Nxf6+ Bxf6 26. Bxf6 Nxf6 27.
axb5 Nd7 28. b3 Nc5 29. b4 axb4 30. cxb4 Nb7 31. Qg4 Qc7 32. Bc2 Nd6 33. Qd1
Nxb5 34. Qd5 Nd4 35. Qc5 Qb8 36. Bd1 Qb5 37. Kf1 Qxc5 38. bxc5 Kf8 39. Ke1 c3
40. Ba4 Ke7 41. Kd1 f5 42. f3 f4 43. Kc1 Kd8 44. Kd1 Kc7 45. Kc1 Kb7 46. Kd1
Ka7 47. Kc1 Kb7 48. Kd1 Kc7 49. Kc1 Kd8 50. Kd1 g5 51. Kc1 h5 52. Kd1 1/2-1/2

[Event "España ch sub-14 2012"]
[Site "Salobreña ESP"]
[Date "2012.07.12"]
[Round "6.21"]
[White "Alonso Gonzalez, Miguel"]
[Black "Mari Copa, Adria"]
[Result "1/2-1/2"]
[WhiteElo "1813"]
[BlackElo "1658"]
[PlyCount "92"]
[EventDate "2012.07.09"]
[EventType "swiss"]
[EventRounds "9"]
[EventCountry "ESP"]
[Source "lmi"]
[SourceDate "2012.07.09"]

1. e4 c5 2. Nf3 Nc6 3. d4 cxd4 4. Nxd4 Nf6 5. Nc3 g6 6. Be3 Bg7 7. Bc4 d6 8. f3
Bd7 9. Bb3 O-O 10. Qd2 Qa5 11. h4 h5 12. O-O-O Rfc8 13. Kb1 Ne5 14. Nd5 Qxd2
15. Rxd2 Nxd5 16. Bxd5 Nc4 17. Bxc4 Rxc4 18. Nb3 b6 19. Bd4 Rac8 20. Bxg7 Kxg7
21. c3 R4c7 22. Nd4 Kf8 23. Rg1 Kg7 24. Rgd1 Be8 25. Re1 Rc5 26. Rde2 Rd8 27.
e5 dxe5 28. Rxe5 Rxe5 29. Rxe5 Kf6 30. Re4 e5 31. Ne2 Bd7 32. Re3 Bf5+ 33. Kc1
Rd3 34. Rxd3 Bxd3 35. Kd2 Ba6 36. b3 Ke6 37. c4 f6 38. Nc3 Bb7 39. Ke3 Bc6 40.
a3 Kd6 41. b4 Ke6 42. g3 Kd6 43. f4 f5 44. c5+ bxc5 45. bxc5+ Ke6 46. fxe5 Kxe5
1/2-1/2

[Event "España ch sub-14 2012"]
[Site "Salobreña ESP"]
[Date "2012.07.12"]
[Round "6.22"]
[White "Centron Antuna, Daniel"]
[Black "Ruperez Benito, Antonio"]
[Result "0-1"]
[WhiteElo "1655"]
[BlackElo "1812"]
[PlyCount "84"]
[EventDate "2012.07.09"]
[EventType "swiss"]
[EventRounds "9"]
[EventCountry "ESP"]
[Source "lmi"]
[SourceDate "2012.07.09"]

1. d4 d5 2. c4 e6 3. Nf3 Nf6 4. Bg5 Be7 5. e3 O-O 6. Nc3 h6 7. Bxf6 Bxf6 8. Rc1
b6 9. cxd5 exd5 10. Bd3 Bb7 11. Qc2 c5 12. O-O Nd7 13. Rfe1 Rc8 14. Qb1 Nb8 15.
Ne2 Re8 16. Bf5 Rc7 17. dxc5 bxc5 18. b4 d4 19. exd4 Bxf3 20. gxf3 g6 21. Bh3
cxd4 22. Ng3 Rce7 23. Ne4 Qb6 24. a4 Kg7 25. a5 Qd8 26. Red1 Nd7 27. Nd6 Ne5
28. Nxe8+ Qxe8 29. Bg2 Bg5 30. Rc5 Bf4 31. Qe4 g5 32. Qxd4 h5 33. Qc3 Qa4 34.
Re1 Qe8 35. Rd1 Qa4 36. Rdd5 f6 37. Bf1 g4 38. fxg4 hxg4 39. Bg2 Qa2 40. Rd1
Qe2 41. Qd4 Nf3+ 42. Kh1 Nxd4 0-1

[Event "España ch sub-14 2012"]
[Site "Salobreña ESP"]
[Date "2012.07.12"]
[Round "6.23"]
[White "Munoz Pelaez, Manuel"]
[Black "Soriano Gracia, Manuel"]
[Result "1/2-1/2"]
[WhiteElo "1805"]
[BlackElo "1638"]
[PlyCount "76"]
[EventDate "2012.07.09"]
[EventType "swiss"]
[EventRounds "9"]
[EventCountry "ESP"]
[Source "lmi"]
[SourceDate "2012.07.09"]

1. e4 e5 2. Nf3 Nc6 3. Bb5 a6 4. Bxc6 dxc6 5. d4 exd4 6. Qxd4 Qxd4 7. Nxd4 Bd7
8. Nc3 O-O-O 9. Be3 Re8 10. O-O-O Bb4 11. Nde2 Ne7 12. a3 Bd6 13. f3 Ng6 14.
Bf2 Nf4 15. Nxf4 Bxf4+ 16. Kb1 Be5 17. Bd4 Bd6 18. g3 f6 19. Rhe1 c5 20. Bf2 b6
21. Nd5 Re6 22. Rd2 Rhe8 23. Red1 Kb7 24. Kc1 Bc6 25. b3 Bxd5 26. Rxd5 Re5 27.
c4 Rxd5 28. Rxd5 Re5 29. Rxe5 Bxe5 30. Kd2 Bd4 31. Be3 Kc6 32. Kd3 Bxe3 33.
Kxe3 Kd6 34. Kf4 Ke6 35. h4 g6 36. g4 h6 37. Ke3 c6 38. f4 g5 1/2-1/2

[Event "España ch sub-14 2012"]
[Site "Salobreña ESP"]
[Date "2012.07.12"]
[Round "6.24"]
[White "Chao Vale, Fernando"]
[Black "Mandado Castelany, Marco"]
[Result "0-1"]
[WhiteElo "1789"]
[BlackElo "1634"]
[PlyCount "85"]
[EventDate "2012.07.09"]
[EventType "swiss"]
[EventRounds "9"]
[EventCountry "ESP"]
[Source "lmi"]
[SourceDate "2012.07.09"]

1. e4 e5 2. Nf3 Nf6 3. Nc3 Nc6 4. d4 exd4 5. Nxd4 Bb4 6. Nxc6 bxc6 7. Bd3 d5 8.
exd5 cxd5 9. O-O O-O 10. Bg5 c6 11. Qf3 Be7 12. Rfe1 Be6 13. Ne2 Qd7 14. h3
Rae8 15. c3 Ne4 16. Bxe7 Rxe7 17. Ng3 Nxg3 18. Qxg3 Rfe8 19. Re2 Qc7 20. Qh4 h6
21. Rae1 Kf8 22. c4 Qd6 23. cxd5 Bxd5 24. Rxe7 Rxe7 25. Rxe7 Qxe7 26. Qxe7+
Kxe7 27. a3 Kd6 28. f3 Ke5 29. Kf2 Kd4 30. Bc2 Bc4 31. Bb1 c5 32. g3 Bd3 33.
Ba2 c4 34. h4 f6 35. g4 c3 36. bxc3+ Kxc3 37. Ke3 a5 38. f4 Bc2 39. g5 hxg5 40.
hxg5 fxg5 41. fxg5 a4 42. Bd5 Bb3 43. Bxb3 0-1

[Event "España ch sub-14 2012"]
[Site "Salobreña ESP"]
[Date "2012.07.13"]
[Round "7.1"]
[White "Bas Mas, Miguel"]
[Black "Ucles Lirola, Moises"]
[Result "0-1"]
[WhiteElo "1927"]
[BlackElo "1821"]
[PlyCount "100"]
[EventDate "2012.07.09"]
[EventType "swiss"]
[EventRounds "9"]
[EventCountry "ESP"]
[Source "lmi"]
[SourceDate "2012.07.09"]

1. e4 Nf6 2. e5 Nd5 3. d4 d6 4. c4 Nb6 5. exd6 exd6 6. Nc3 Be7 7. Be3 Nc6 8.
Nf3 Bg4 9. b3 O-O 10. Be2 Bf6 11. O-O Re8 12. Rc1 a5 13. Ne1 Bxe2 14. Nxe2 a4
15. Nd3 a3 16. b4 d5 17. cxd5 Nxd5 18. Bf4 Nxf4 19. Ndxf4 Nxd4 20. Nxd4 Bxd4
21. Qf3 Be5 22. Nd3 c6 23. Nc5 Qh4 24. g3 Qxb4 25. Nd3 Qd6 26. Rfd1 Qf6 27.
Nxe5 Qxe5 28. Qb3 Qb2 29. Qc4 Re2 30. Rb1 Qxa2 31. Qd4 Qd5 32. Qb6 Qe6 33. Qxb7
Re8 34. Ra1 a2 35. Qa6 h6 36. Qa5 Rb2 37. Rf1 Qb3 38. Qa6 c5 39. Qc6 Rb8 40.
Qxc5 Rb1 41. Kg2 Rxf1 42. Rxf1 Qb2 43. Qa7 Qb1 44. Qd4 Qxf1+ 45. Kxf1 Rb1+ 46.
Kg2 a1=Q 47. Qd8+ Kh7 48. Qd3+ g6 49. Qd7 Qa8+ 50. Kh3 Qf3 0-1

[Event "España ch sub-14 2012"]
[Site "Salobreña ESP"]
[Date "2012.07.13"]
[Round "7.2"]
[White "Suarez Gomez, Julio"]
[Black "Guerra Arrocha, Daniel"]
[Result "1-0"]
[WhiteElo "2026"]
[BlackElo "1825"]
[PlyCount "79"]
[EventDate "2012.07.09"]
[EventType "swiss"]
[EventRounds "9"]
[EventCountry "ESP"]
[Source "lmi"]
[SourceDate "2012.07.09"]

1. e4 e6 2. d4 d5 3. Nc3 Nf6 4. exd5 Nxd5 5. Ne4 Nd7 6. Nf3 N7f6 7. Bd3 Nxe4 8.
Bxe4 Nf6 9. Bd3 Bd6 10. Bg5 Bd7 11. Ne5 h6 12. Bh4 c6 13. Bg3 Be7 14. O-O g5
15. c3 h5 16. Nc4 Nd5 17. Be5 f6 18. Bd6 b5 19. Bxe7 Kxe7 20. Ne3 Nf4 21. Re1
Kf7 22. b3 Nxd3 23. Qxd3 f5 24. c4 f4 25. Nf1 Qf6 26. Nd2 Kg7 27. Re5 g4 28.
Ne4 Qh6 29. Nc5 Rad8 30. Rae1 Kf7 31. Qe4 Rhe8 32. Nb7 h4 33. Nxd8+ Rxd8 34. d5
cxd5 35. cxd5 Re8 36. dxe6+ Bxe6 37. Rf5+ Kg8 38. Qxf4 Bxf5 39. Rxe8+ Kf7 40.
Qxh6 1-0

[Event "España ch sub-14 2012"]
[Site "Salobreña ESP"]
[Date "2012.07.13"]
[Round "7.3"]
[White "Fernandez Gil, Ruben Carlos"]
[Black "Alvarez Nistal, David"]
[Result "0-1"]
[WhiteElo "1899"]
[BlackElo "1861"]
[PlyCount "48"]
[EventDate "2012.07.09"]
[EventType "swiss"]
[EventRounds "9"]
[EventCountry "ESP"]
[Source "lmi"]
[SourceDate "2012.07.09"]

1. e4 c5 2. Nf3 Nc6 3. d4 cxd4 4. Nxd4 g6 5. c4 Bg7 6. Nc2 d6 7. Nc3 Nh6 8. Be2
f5 9. exf5 Nxf5 10. O-O O-O 11. Nd5 e6 12. Nde3 Ncd4 13. Nxf5 Nxe2+ 14. Qxe2
gxf5 15. Qh5 f4 16. Rd1 Qc7 17. Na3 a6 18. Rb1 Bd7 19. b3 Bc6 20. Bb2 Bxb2 21.
Qg4+ Qg7 22. Qxg7+ Bxg7 23. Rxd6 Rfe8 24. Rbd1 Bf8 0-1

[Event "España ch sub-14 2012"]
[Site "Salobreña ESP"]
[Date "2012.07.13"]
[Round "7.4"]
[White "Domingo Nunez, Ruben"]
[Black "Garriga Cazorla, Pere"]
[Result "0-1"]
[WhiteElo "1887"]
[BlackElo "2056"]
[PlyCount "150"]
[EventDate "2012.07.09"]
[EventType "swiss"]
[EventRounds "9"]
[EventCountry "ESP"]
[Source "lmi"]
[SourceDate "2012.07.09"]

1. e4 c5 2. Nc3 Nc6 3. Bb5 Nd4 4. Bc4 e6 5. Nge2 Nf6 6. e5 Ng4 7. Nxd4 Nxe5 8.
Qe2 Nxc4 9. Qxc4 cxd4 10. Qxd4 a6 11. O-O Qf6 12. Qe3 Be7 13. b3 O-O 14. Bb2
Qg6 15. Rac1 b5 16. Qf3 Rb8 17. Qg3 Qxg3 18. hxg3 Bb7 19. Rfe1 Rbc8 20. a4 b4
21. Ne2 f6 22. Nd4 Kf7 23. Nf3 h5 24. c4 g5 25. d4 Rh8 26. Nd2 h4 27. gxh4 gxh4
28. f3 Rcg8 29. Kf2 Bd6 30. Rh1 Bf4 31. Rcd1 Rg3 32. Nf1 Rg6 33. Bc1 Bb8 34.
Rh3 Ba7 35. Be3 Rhg8 36. g4 hxg3+ 37. Rxg3 Bb8 38. Rxg6 Rxg6 39. d5 exd5 40.
cxd5 Rg8 41. Bc5 f5 42. Rd2 Kf6 43. Bd4+ Kf7 44. Ne3 Bg3+ 45. Ke2 Kg6 46. Bb2
Re8 47. Kd3 Bf4 48. Rg2+ Kf7 49. Nxf5 Bxd5 50. Rg7+ Ke6 51. Nd4+ Kd6 52. Nf5+
Kc7 53. Rg4 Bh2 54. Nd4 Be5 55. Rg5 Bxd4 56. Bxd4 Bxb3 57. Bc5 a5 58. Bd4 Ra8
59. Rc5+ Kd6 60. Rg5 Bd5 61. Rg6+ Kc7 62. f4 Bc6 63. f5 Bxa4 64. Bb6+ Kb7 65.
f6 Bb3 66. Bc5 Rg8 67. Rg7 Rxg7 68. fxg7 Kc6 69. Be7 Bg8 70. Bd8 Kb5 71. Kc2 a4
72. Bf6 a3 73. Be7 b3+ 74. Kc3 b2 75. Kc2 Bh7+ 0-1

[Event "España ch sub-14 2012"]
[Site "Salobreña ESP"]
[Date "2012.07.13"]
[Round "7.5"]
[White "Domingo Nunez, Alejandro"]
[Black "Portela Peleteiro, Alberto"]
[Result "0-1"]
[WhiteElo "1883"]
[BlackElo "1927"]
[PlyCount "44"]
[EventDate "2012.07.09"]
[EventType "swiss"]
[EventRounds "9"]
[EventCountry "ESP"]
[Source "lmi"]
[SourceDate "2012.07.09"]

1. e4 d6 2. Nc3 Nf6 3. g3 e5 4. Bg2 Be7 5. d3 c6 6. f4 Nbd7 7. Nf3 Qc7 8. Rb1
b5 9. O-O Bb7 10. Nh4 g6 11. b4 h6 12. Nf3 a6 13. a4 Nb6 14. Bb2 exf4 15. gxf4
O-O-O 16. a5 Nbd7 17. e5 dxe5 18. fxe5 Ng4 19. Qe2 Rhe8 20. e6 fxe6 21. Qxe6
Bc5+ 22. bxc5 Rh8 0-1

[Event "España ch sub-14 2012"]
[Site "Salobreña ESP"]
[Date "2012.07.13"]
[Round "7.6"]
[White "Laiz Ibanez, Hector"]
[Black "Ventura Bolet, Alexandre"]
[Result "1-0"]
[WhiteElo "1838"]
[BlackElo "1925"]
[PlyCount "61"]
[EventDate "2012.07.09"]
[EventType "swiss"]
[EventRounds "9"]
[EventCountry "ESP"]
[Source "lmi"]
[SourceDate "2012.07.09"]

1. e4 Nf6 2. Nc3 d5 3. e5 Nfd7 4. d4 c5 5. f4 cxd4 6. Nb5 Nc6 7. Nf3 Ndb8 8. h3
e6 9. Nbxd4 Nxd4 10. Qxd4 Nc6 11. Qf2 f6 12. Bd3 fxe5 13. fxe5 Qc7 14. O-O Bd7
15. Be3 O-O-O 16. Kh1 Kb8 17. c3 Be7 18. Bb5 b6 19. Bxc6 Qxc6 20. a4 Bc5 21.
Nd4 Qc7 22. Qg3 Bxd4 23. Bxd4 Qc4 24. a5 b5 25. Qxg7 Qe2 26. Rf2 Qe4 27. Qe7
Bc6 28. Qxa7+ Kc8 29. Rf7 Rd7 30. Rxd7 Bxd7 31. Qa8+ 1-0

[Event "España ch sub-14 2012"]
[Site "Salobreña ESP"]
[Date "2012.07.13"]
[Round "7.7"]
[White "Medina Masdeu, Rasen"]
[Black "Jane Besora, Jordi"]
[Result "1/2-1/2"]
[WhiteElo "1923"]
[BlackElo "1814"]
[PlyCount "68"]
[EventDate "2012.07.09"]
[EventType "swiss"]
[EventRounds "9"]
[EventCountry "ESP"]
[Source "lmi"]
[SourceDate "2012.07.09"]

1. e4 d5 2. exd5 Qxd5 3. Nc3 Qd6 4. d4 Nf6 5. Bd3 a6 6. Nge2 b5 7. a3 Bb7 8. f3
Nbd7 9. Ne4 Qb6 10. Be3 e6 11. b4 Nxe4 12. Bxe4 Nf6 13. Bxb7 Qxb7 14. O-O Bd6
15. c3 O-O 16. Qc2 Nd5 17. Bf2 Nb6 18. Nc1 Nc4 19. Nd3 c6 20. Rfe1 Qc7 21. g3
Rfe8 22. Nb2 Nxb2 23. Qxb2 a5 24. f4 Qd8 25. Qe2 Qc7 26. Qe4 axb4 27. axb4 Qb7
28. Qc2 h6 29. Be3 Rxa1 30. Rxa1 Ra8 31. Rxa8+ Qxa8 32. h4 Qa1+ 33. Kg2 Qa3 34.
Bc1 Qa7 1/2-1/2

[Event "España ch sub-14 2012"]
[Site "Salobreña ESP"]
[Date "2012.07.13"]
[Round "7.8"]
[White "Goni Navarro, Pablo"]
[Black "Perez Garcia, Alejandro"]
[Result "0-1"]
[WhiteElo "1666"]
[BlackElo "1902"]
[PlyCount "84"]
[EventDate "2012.07.09"]
[EventType "swiss"]
[EventRounds "9"]
[EventCountry "ESP"]
[Source "lmi"]
[SourceDate "2012.07.09"]

1. e4 c5 2. Nf3 Nc6 3. d4 cxd4 4. Nxd4 g6 5. Nc3 Bg7 6. Be3 Nf6 7. Bc4 Qa5 8.
O-O O-O 9. Bb3 d6 10. h3 Bd7 11. f4 Rac8 12. Qf3 Nxd4 13. Bxd4 Bc6 14. Rad1 b5
15. Nd5 Bxd5 16. exd5 Nd7 17. Bxg7 Kxg7 18. f5 f6 19. g4 g5 20. Qe3 Ne5 21. Kg2
Rh8 22. h4 h6 23. h5 Rc7 24. Kg3 Rhc8 25. Rd4 Qb6 26. Re1 Rc5 27. a4 a5 28. Ra1
b4 29. Re1 Qc7 30. Re2 Kf8 31. Re1 Rxc2 32. Bxc2 Qxc2 33. Rd2 Qxa4 34. Ree2 Rc1
35. b3 Qa1 36. Rc2 Rg1+ 37. Rg2 Rh1 38. Ra2 Qf1 39. Raf2 Qd3 40. Qxd3 Nxd3 41.
Rf3 Ne1 42. Rc2 Nxc2 0-1

[Event "España ch sub-14 2012"]
[Site "Salobreña ESP"]
[Date "2012.07.13"]
[Round "7.9"]
[White "Cortes Cabeza, Cameron"]
[Black "Ortega Lopez, Mikel"]
[Result "1/2-1/2"]
[WhiteElo "1633"]
[BlackElo "1897"]
[PlyCount "69"]
[EventDate "2012.07.09"]
[EventType "swiss"]
[EventRounds "9"]
[EventCountry "ESP"]
[Source "lmi"]
[SourceDate "2012.07.09"]

1. e4 c5 2. Nc3 e6 3. Bc4 a6 4. a4 Nc6 5. Nf3 d6 6. d3 g6 7. O-O Bg7 8. Bf4
Nge7 9. Re1 O-O 10. Bb3 b6 11. Nd2 d5 12. exd5 exd5 13. Nf3 Bb7 14. Ne5 Nd4 15.
Ba2 Ne6 16. Qd2 Nf5 17. Ng4 Qd7 18. Bh6 Rad8 19. Bxg7 Kxg7 20. Re5 Nc7 21. Rae1
Rde8 22. h3 h5 23. Nh2 Nd4 24. Nf1 Rxe5 25. Rxe5 Re8 26. Rxe8 Nxe8 27. Ne3 Nf6
28. b3 Qe6 29. Ncd1 Nh7 30. c3 Nc6 31. b4 Ne7 32. bxc5 bxc5 33. Qb2 Qc6 34. f3
Nf6 35. Bb3 1/2-1/2

[Event "España ch sub-14 2012"]
[Site "Salobreña ESP"]
[Date "2012.07.13"]
[Round "7.10"]
[White "Aguila Hernandez, Eduardo"]
[Black "Lopez Rivera, Jesus"]
[Result "0-1"]
[WhiteElo "1893"]
[BlackElo "1800"]
[PlyCount "63"]
[EventDate "2012.07.09"]
[EventType "swiss"]
[EventRounds "9"]
[EventCountry "ESP"]
[Source "lmi"]
[SourceDate "2012.07.09"]

1. e4 c5 2. Nf3 d6 3. d4 cxd4 4. Nxd4 Nf6 5. Nc3 g6 6. Be3 Bg7 7. Bc4 O-O 8. f3
Nc6 9. Qd2 Bd7 10. h4 Rc8 11. Bb3 h5 12. O-O-O Ne5 13. Bg5 Nc4 14. Qd3 Ne5 15.
Qe2 Nh7 16. g4 hxg4 17. f4 Nc6 18. Nxc6 bxc6 19. h5 Nxg5 20. fxg5 Qa5 21. Qe3
Be6 22. h6 Be5 23. h7+ Kh8 24. Kb1 Rb8 25. Rd3 c5 26. Bxe6 fxe6 27. Qe1 c4 28.
Re3 Bd4 29. Rg3 Bf2 30. Qd2 Bxg3 31. Qd4+ Be5 32. Qd1 0-1

[Event "España ch sub-14 2012"]
[Site "Salobreña ESP"]
[Date "2012.07.13"]
[Round "7.11"]
[White "Ponce Cano, Adrian"]
[Black "Orantes Taboada, Francisco"]
[Result "1-0"]
[WhiteElo "1995"]
[BlackElo "1688"]
[PlyCount "107"]
[EventDate "2012.07.09"]
[EventType "swiss"]
[EventRounds "9"]
[EventCountry "ESP"]
[Source "lmi"]
[SourceDate "2012.07.09"]

1. e4 c5 2. Nf3 Nc6 3. d3 d6 4. Nbd2 g6 5. g3 Bg7 6. Bg2 Nf6 7. c3 e5 8. Nf1
Be6 9. d4 Bg4 10. d5 Ne7 11. Bg5 O-O 12. h3 Bxf3 13. Bxf3 b5 14. Qd2 Re8 15.
Nh2 a5 16. h4 c4 17. Ng4 Nxg4 18. Bxg4 Kh8 19. h5 f6 20. hxg6 fxg5 21. Qxg5 Nc8
22. Rxh7+ Kg8 23. Be6+ Kf8 24. Qf5+ Qf6 25. Qxf6+ Bxf6 26. Rf7+ Kg8 27. Rxf6+
Kg7 28. Rf7+ Kxg6 29. Rd7 Rh8 30. Ke2 Ra7 31. Rxa7 Nxa7 32. Kf3 Rh2 33. b3 Rh8
34. bxc4 bxc4 35. Rb1 Rf8+ 36. Kg2 Kf6 37. Rb7 Ra8 38. f4 Nc8 39. Rf7+ Kg6 40.
f5+ Kh6 41. f6 Nb6 42. Rb7 Na4 43. Rg7 Nxc3 44. Kf3 Rf8 45. Bf7 Rxf7 46. Rxf7
Kg6 47. Rc7 Nxa2 48. f7 Kg7 49. Kg4 Nb4 50. Kf5 Na6 51. Ke6 Nxc7+ 52. Ke7 c3
53. f8=Q+ Kg6 54. Qg8+ 1-0

[Event "España ch sub-14 2012"]
[Site "Salobreña ESP"]
[Date "2012.07.13"]
[Round "7.12"]
[White "Bru Rullo, Llatzer"]
[Black "Calvo Simon, Jorge"]
[Result "1-0"]
[WhiteElo "2051"]
[BlackElo "1755"]
[PlyCount "121"]
[EventDate "2012.07.09"]
[EventType "swiss"]
[EventRounds "9"]
[EventCountry "ESP"]
[Source "lmi"]
[SourceDate "2012.07.09"]

1. e4 c5 2. Nf3 d6 3. d4 Nf6 4. Nc3 cxd4 5. Nxd4 a6 6. g3 e5 7. Nde2 Be6 8. Bg2
Be7 9. O-O O-O 10. h3 Nbd7 11. Nd5 Nxd5 12. exd5 Bf5 13. f4 exf4 14. Bxf4 Bg6
15. Kh2 Qb6 16. b3 Bf6 17. Rc1 Rac8 18. c3 Ne5 19. Bxe5 Bxe5 20. Qd2 Rfe8 21.
Nf4 Bxf4 22. Qxf4 Re2 23. Rce1 Rce8 24. Rxe2 Rxe2 25. Qg4 Qe3 26. Rf2 Re1 27.
Qc8+ Qe8 28. Qxb7 h6 29. Qb6 Qe5 30. c4 Re3 31. Qd8+ Kh7 32. Qh4 Re2 33. Rxe2
Qxe2 34. a3 Qa2 35. b4 Qxa3 36. c5 dxc5 37. d6 Bf5 38. Qf4 Be6 39. d7 Bxd7 40.
Qxf7 Qd3 41. bxc5 a5 42. c6 Bf5 43. c7 Qc2 44. Qe7 a4 45. g4 Bc8 46. Kg3 Qc3+
47. Kh2 Qc2 48. Kg3 Qc3+ 49. Kh4 Qf6+ 50. Qxf6 gxf6 51. Be4+ Kg7 52. Bf5 a3 53.
Bxc8 a2 54. Bf5 a1=Q 55. c8=Q Qe1+ 56. Kh5 Qe3 57. Qd7+ Kf8 58. Qd8+ Kg7 59.
Qd7+ Kf8 60. h4 Qe5 61. Kg6 1-0

[Event "España ch sub-14 2012"]
[Site "Salobreña ESP"]
[Date "2012.07.13"]
[Round "7.13"]
[White "Balbuena Fuentes, Mario"]
[Black "Pruja Ramirez De C, Eduard"]
[Result "1/2-1/2"]
[WhiteElo "1899"]
[BlackElo "1728"]
[PlyCount "70"]
[EventDate "2012.07.09"]
[EventType "swiss"]
[EventRounds "9"]
[EventCountry "ESP"]
[Source "lmi"]
[SourceDate "2012.07.09"]

1. e4 c5 2. Nf3 g6 3. d4 cxd4 4. Nxd4 Nc6 5. Nc3 Bg7 6. Be3 Nf6 7. Bc4 O-O 8.
Bb3 a5 9. a3 Ng4 10. Qxg4 Nxd4 11. Qd1 Nxb3 12. cxb3 Ra6 13. Bd4 d6 14. Bxg7
Kxg7 15. Qd4+ Kg8 16. Nd5 Be6 17. O-O Rc6 18. Rac1 Bxd5 19. exd5 Qb6 20. Qe3
Qxe3 21. fxe3 Rc5 22. Rxc5 dxc5 23. e4 Rd8 24. Rd1 e6 25. Kf2 exd5 26. Rxd5
Rxd5 27. exd5 Kf8 28. Ke3 Ke7 29. Ke4 Kd6 30. g4 f6 31. h4 b5 32. a4 b4 33. h5
Ke7 34. Kf4 Kd6 35. Ke4 Ke7 1/2-1/2

[Event "España ch sub-14 2012"]
[Site "Salobreña ESP"]
[Date "2012.07.13"]
[Round "7.14"]
[White "Fernandez Cano, Victor"]
[Black "Redondo Benavente, Jose Carlos"]
[Result "1/2-1/2"]
[WhiteElo "1839"]
[BlackElo "1719"]
[PlyCount "166"]
[EventDate "2012.07.09"]
[EventType "swiss"]
[EventRounds "9"]
[EventCountry "ESP"]
[Source "lmi"]
[SourceDate "2012.07.09"]

1. d4 Nf6 2. Nf3 g6 3. Bf4 Bg7 4. e3 O-O 5. Be2 d6 6. h3 b6 7. O-O c5 8. c3 Bb7
9. a4 Nc6 10. Qb3 Na5 11. Qa3 cxd4 12. cxd4 Rc8 13. Nbd2 Nc6 14. Bh2 a5 15.
Rac1 Nb4 16. Nc4 Ba6 17. d5 Nfxd5 18. e4 Nf6 19. Qe3 Nd7 20. b3 Rc5 21. Rcd1
Qc8 22. Ne1 Ne5 23. Nxb6 Qb7 24. Bxa6 Qxa6 25. Bxe5 Bxe5 26. Nd7 Rc3 27. Qg5
Qe2 28. Qxe7 Rfc8 29. Nf3 Nc6 30. Qh4 Rxb3 31. Nfxe5 Nxe5 32. Nf6+ Kg7 33. Rxd6
h6 34. Qf4 Nd3 35. Qg3 Rc2 36. Nh5+ Qxh5 37. Rxd3 Rxd3 38. Qxd3 Qe2 39. Qd4+
Kh7 40. Qd5 Kg7 41. e5 Qd2 42. Qb7 Rb2 43. Qa6 Qd8 44. Rc1 Qg5 45. Re1 Qf5 46.
Qa7 Kg8 47. Qe3 Rb1 48. f3 Qc2 49. Rxb1 Qxb1+ 50. Kh2 Qb4 51. Qe4 Qb6 52. Qd5
Qb4 53. Qe4 Qb6 54. Kg3 Qc7 55. Qd4 Qe7 56. h4 Qc7 57. Qd6 Qc3 58. Kh3 Qe1 59.
Qd4 Qh1+ 60. Kg3 Qe1+ 61. Kh2 Kh7 62. h5 Qb4 63. hxg6+ Kxg6 64. Qe4+ Kg7 65.
Kg3 Qb6 66. Qg4+ Kf8 67. Qe4 Kg7 68. Qf5 Qc6 69. Qg4+ Kf8 70. Qe4 Qb6 71. Qh7
Ke7 72. Qg7 Qc6 73. Qf6+ Qxf6 74. exf6+ Kxf6 75. Kf4 Ke6 76. Kg4 Kf6 77. Kh5
Kg7 78. f4 f5 79. Kh4 Kg6 80. Kg3 Kf6 81. Kf3 Ke6 82. Ke3 Kd5 83. Kd3 h5
1/2-1/2

[Event "España ch sub-14 2012"]
[Site "Salobreña ESP"]
[Date "2012.07.13"]
[Round "7.15"]
[White "Ruperez Benito, Antonio"]
[Black "Rodriguez Manzaneda, Irene"]
[Result "0-1"]
[WhiteElo "1812"]
[BlackElo "1686"]
[PlyCount "88"]
[EventDate "2012.07.09"]
[EventType "swiss"]
[EventRounds "9"]
[EventCountry "ESP"]
[Source "lmi"]
[SourceDate "2012.07.09"]

1. e4 c5 2. Nf3 Nc6 3. d4 cxd4 4. Nxd4 Nf6 5. Nc3 e5 6. Ndb5 d6 7. Bg5 a6 8.
Na3 b5 9. Nd5 Be7 10. Bxf6 Bxf6 11. c3 O-O 12. Nc2 Rb8 13. a4 bxa4 14. Ncb4
Nxb4 15. Nxb4 Bb7 16. Rxa4 Bxe4 17. Rxa6 Be7 18. Bd3 Bxg2 19. Rg1 Bb7 20. Qh5
e4 21. Bc4 Bxa6 22. Qh6 Bf6 23. Bxa6 Kh8 24. Qh5 Qe8 25. Rg3 Qe5 26. Qe2 Rbe8
27. Bc4 Ra8 28. Kf1 Qf5 29. Kg2 Ra5 30. Qg4 Qxg4 31. Rxg4 Rg5 32. Rxg5 Bxg5 33.
Nd5 Rb8 34. b4 Kg8 35. b5 Bd8 36. Nb4 Bb6 37. Nd5 Kf8 38. Kg3 f5 39. Kf4 g6 40.
Nf6 Kg7 41. Nd7 Rb7 42. Nxb6 Rxb6 43. f3 exf3 44. Kxf3 Kf6 0-1

[Event "España ch sub-14 2012"]
[Site "Salobreña ESP"]
[Date "2012.07.13"]
[Round "7.16"]
[White "Alfaya Marcelo, Roberto"]
[Black "Gonzalez Capacete, Jose Miguel"]
[Result "1/2-1/2"]
[WhiteElo "1743"]
[BlackElo "1781"]
[PlyCount "62"]
[EventDate "2012.07.09"]
[EventType "swiss"]
[EventRounds "9"]
[EventCountry "ESP"]
[Source "lmi"]
[SourceDate "2012.07.09"]

1. e4 c5 2. Nf3 d6 3. d4 cxd4 4. Nxd4 Nf6 5. Nc3 g6 6. Bc4 Bg7 7. Be3 O-O 8. f3
Nc6 9. Bb3 Bd7 10. Qd2 Rc8 11. h4 h5 12. O-O-O Ne5 13. Bh6 a5 14. Bxg7 Kxg7 15.
g4 e6 16. gxh5 Nxh5 17. f4 Nc4 18. Bxc4 Rxc4 19. f5 exf5 20. exf5 Ng3 21. Qd3
Nxh1 22. Qxc4 Nf2 23. Rf1 Ng4 24. fxg6 fxg6 25. Rxf8 Qxf8 26. b3 Ne5 27. Ne6+
Bxe6 28. Qxe6 Qf6 29. Qd5 b6 30. Kb2 Nf7 31. Qe4 b5 1/2-1/2